History Quiz

Random History or State Quiz

Pre United States History Trival Quiz Stats

 Plays Quiz not verified by Sporcle

Score 0/50 Timer 08:00
0 Plays Today
Clue Answer % Correct
3rd Ship of Columbus was called:The Santa María
89.2%
Discoverer of the AmericasChristopher Columbus
86.7%
The state of this colony was located in present day:Virginia
85.5%
He was from this stateVirginia
85.5%
2nd Ship of Columbus was called:The Pinta
83.1%
This was the King of the Red Coats' Country (Be Specific)King George III
81.9%
1st Ship of Columbus was called:The Niña
80.7%
The first colony was founded by this personCaptain John Smith
78.3%
This is Independence Day!!!July 4, 1776
78.3%
The name of the first settlementJamestown
75.9%
The name of the ship that came from England in 1620.The Mayflower
73.5%
This is the famous inventor of a LOT of stuff, signer of the Declaration of Independence and the Constitution, Developed the Lightning RodBenjamin Franklin
72.3%
Year America was Founded1492
71.1%
The name of ocean taken by the European Explorers to Eastern AmericaAtlantic Ocean
67.5%
This is our first president elected under the U.S. ConstitutionGeorge Washington
67.5%
The tribe was named after an indian cheif who had a daughter princess of this namePocahontas
63.9%
The settlement they landed onPlymouth
62.7%
The Quaker who Founded the Colony of PennsylvaniaQuaker William Pennsylvania
62.7%
He took this and attached it with a key in a lightning stormA kite
61.4%
The Blue Coats were from this CountryThe United States of America
59%
The Red Coats were from this CountryGreat Britain
59%
This great war broke out mainly between the Red Coats and the Blue CoatsThe Revolutionary War
57.8%
This is the first colony to become a stateDelaware
56.6%
This war started in this year1775
54.2%
The colony it was onMassachusetts
53%
Clue Answer % Correct
The war finally ended in this year1783
51.8%
This was later replaced by the current U.S. ConstitutionArticles of Confederation
50.6%
The name of this signed documentMayflower Compact
48.2%
The new, official United States Constitution was signed on this dateSeptember 17, 1787
47%
It was in this year:1787
47%
The year this colony was founded1607
45.8%
George Washington and his men endured a very tough winter and starvation in this famous placeValley Forge
42.2%
The year HE died1621
41%
The Year of The First Thanksgiving1621
41%
The answer to the previous question married this manJohn Rolfe
37.3%
He died in this year1799
34.9%
The name of the Indian that practically came out of nowhere and helped them with living such as planting corn and fishingSquanto
33.7%
They married in this year1614
31.3%
This tribe was inhabited when they camePowhatan
28.9%
He was born in this year1732
28.9%
The year SHE died1617
25.3%
The tribe that was also there and spent The First ThanksgivingWampanoag
25.3%
He was born in this year1706
25.3%
He secretly got his work published in his brother's newspaper via this false nameSilence Dogood
10.8%
The name of the Indian Chief of the Wampanoag TribeMassasoit
7.2%
The name of their sonThomas
4.8%
Indian Tribe Inhabiting Jamaica about 1496Arawak Tribe
3.6%
The name of the man who fell overboard but was saved by grasping onto a piece of ropeJohn Howland
2.4%
His tribePatuxet
2.4%
The name of his future wifeElizabeth Tilley
1.2%

You're not logged in!

Compare scores with friends on all Sporcle quizzes.
OR
Log In

You Might Also Like...

Show Comments

Extras

Created Oct 11, 2012ReportNominate
Tags:State Quiz, pre, regarding, united

Top Quizzes Today


Score Distribution

Your Account Isn't Verified!

In order to create a playlist on Sporcle, you need to verify the email address you used during registration. Go to your Sporcle Settings to finish the process.

Report this User

Report this user for behavior that violates our Community Guidelines.

Details: